000 00276nam a2200121 i 4500
001 bg
245 0 _aWybrane prace z zakresu inżynierii lądowej.
260 _aKraków,
_c1982.
040 _cBPK
041 _apol
942 _cKS
008 s pl f |000 0 pol
999 _c22108
_d22108
856 _uhttp://koha.tu.koszalin.pl/cgi-bin/koha/opac-detail.pl?biblionumber=22108
_yKatalog online BPK